Cities with 'slums' : from informal settlement eradication to a right to the city in Africa (Record no. 166155)

MARC details
000 -LEADER
fixed length control field 00348nam a2200097Ia 4500
082 ## - DEWEY DECIMAL CLASSIFICATION NUMBER
Classification number 307.336096|HUCH
008 - FIXED-LENGTH DATA ELEMENTS--GENERAL INFORMATION
fixed length control field 210817s9999 xx 000 0 und d
100 ## - MAIN ENTRY--PERSONAL NAME
Personal name Huchzermeyer, Marie Claremont, South Africa, 2011
9 (RLIN) 36412
245 #0 - TITLE STATEMENT
Title Cities with 'slums' : from informal settlement eradication to a right to the city in Africa
942 ## - ADDED ENTRY ELEMENTS
item type Books
Holdings
Withdrawn status Lost status Damaged status Not for loan Home library Current library Date acquired Cost, normal purchase price Total Checkouts Barcode Date last seen Price effective from item type
        Emthonjeni PL (MMID-PLEMA-EMTH) Emthonjeni PL (MMID-PLEMA-EMTH) 18.08.2021 238.00   3322810039836 18.08.2021 18.08.2021 Books